[Event "Ruhrgebiet Bezirksliga 15/16"]
[Site "Ruhrgebiet"]
[Date "2015.11.22"]
[Round "4.6"]
[White "Scharfenkamp, Bernd"]
[Black "Langaditis, Sevastianos"]
[Result "1/2-1/2"]
[WhiteElo "1593"]
[BlackElo "1771"]
[PlyCount "85"]
[EventDate "2015.08.30"]
[EventType "team-tourn"]
[EventRounds "9"]
[EventCountry "GER"]
[SourceTitle "EXT 2022"]
[Source "ChessBase"]
[SourceDate "2021.10.06"]
[SourceVersion "1"]
[SourceVersionDate "2021.10.06"]
[SourceQuality "1"]
[WhiteTeam "Werne SK"]
[BlackTeam "Unna SV"]
[WhiteTeamCountry "GER"]
[BlackTeamCountry "GER"]

1. e4 d6 2. d4 Nf6 3. Nc3 Bg4 4. Be2 Bxe2 5. Qxe2 Qd7 6. Nf3 e6 7. h3 Be7 8. Be3 Nc6 9. 0-0 d5 10. e5 Ne4 11. Bd2 Nxc3 12. Bxc3 0-0 13. Rad1 Nd8 14. Bd2 c5 15. c3 h6 16. Be3 cxd4 17. cxd4 Nc6 18. Rfe1 Rac8 19. Rc1 Na5 20. Bd2 Nc4 21. Bc3 Rc6 22. b3 Nb6 23. Bb2 Rfc8 24. Qd2 R8c7 25. Rxc6 Rxc6 26. Rc1 Qc7 27. Rxc6 Qxc6 28. Qc3 Nd7 29. Qxc6 bxc6 30. Kf1 c5 31. Ke2 cxd4 32. Bxd4 a6 33. Ne1 f6 34. Nd3 fxe5 35. Nxe5 Nxe5 36. Bxe5 Kf7 37. Kd3 h5 38. f3 Bc5 39. Bc3 Bd6 40. b4 e5 41. a4 Ke6 42. g4 g6 43. Bd2 1/2-1/2

[Event "Ruhrgebiet VK1 1213"]
[Site "Nordrheinwestfalen"]
[Date "2012.12.02"]
[Round "4.7"]
[White "Kunkel, Wolfgang"]
[Black "Scharfenkamp, Bernd"]
[Result "1/2-1/2"]
[WhiteElo "1799"]
[BlackElo "1624"]
[PlyCount "38"]
[EventDate "2012.09.02"]
[EventType "team-tourn"]
[EventRounds "9"]
[EventCountry "GER"]
[SourceTitle "EXT 2020"]
[Source "ChessBase"]
[SourceDate "2019.10.17"]
[SourceVersion "1"]
[SourceVersionDate "2019.10.17"]
[SourceQuality "1"]
[WhiteTeam "Buer Hassel"]
[BlackTeam "Werne SK"]
[WhiteTeamCountry "GER"]
[BlackTeamCountry "GER"]

1. c4 c5 2. Nc3 Nc6 3. g3 g6 4. Bg2 Bg7 5. e3 e6 6. Nge2 Nge7 7. 0-0 0-0 8. d4 cxd4 9. Nxd4 Nxd4 10. exd4 d5 11. cxd5 Nxd5 12. Nxd5 exd5 13. Be3 Be6 14. Qb3 Qd7 15. Rac1 Rac8 16. Qa3 b6 17. b3 Rfe8 18. h4 h5 19. Qa6 Bf5 1/2-1/2

[Event "Ruhrgebiet VL2 0708"]
[Site "Germany"]
[Date "2008.01.20"]
[Round "5.6"]
[White "Renk, Christoph"]
[Black "Scharfenkamp, Bernd"]
[Result "1-0"]
[WhiteElo "1827"]
[BlackElo "1609"]
[PlyCount "61"]
[EventDate "2007.09.02"]
[EventType "team-tourn"]
[EventRounds "9"]
[EventCountry "GER"]
[SourceTitle "EXT 2009"]
[Source "ChessBase"]
[SourceDate "2008.11.26"]
[SourceVersion "1"]
[SourceVersionDate "2008.11.26"]
[SourceQuality "1"]
[WhiteTeam "Buer"]
[BlackTeam "Werne SK"]
[WhiteTeamCountry "GER"]
[BlackTeamCountry "GER"]

1. d4 Nf6 2. c4 e5 3. dxe5 Ng4 4. Nf3 Nc6 5. a3 Ngxe5 6. Nxe5 Nxe5 7. e3 d6 8. Be2 Be6 9. Nd2 g6 10. 0-0 Bg7 11. Rb1 0-0 12. b3 f5 13. Nf3 Qe7 14. Bb2 Rad8 15. Qd2 h6 16. Rfe1 Kh7 17. Rbd1 Rd7 18. Nd4 Bg8 19. f4 Ng4 20. e4 Qh4 21. Bxg4 fxg4 22. Rf1 Qe7 23. Rde1 c5 24. Nb5 a6 25. Bxg7 Kxg7 26. Nc3 Rfd8 27. Nd5 Qh4 28. Qc3+ Kf8 29. g3 Qh3 30. Qf6+ Bf7 31. e5 1-0

[Event "Unna op"]
[Site "Unna"]
[Date "2007.12.27"]
[Round "1"]
[White "Spieker, Michael"]
[Black "Scharfenkamp, Bernd"]
[Result "0-1"]
[WhiteElo "1979"]
[BlackElo "1609"]
[PlyCount "63"]
[EventDate "2007.12.27"]
[EventType "swiss"]
[EventRounds "7"]
[EventCountry "GER"]
[SourceTitle "CBM 122 Extra"]
[Source "ChessBase"]
[SourceDate "2008.03.04"]
[SourceVersion "1"]
[SourceVersionDate "2008.03.04"]
[SourceQuality "1"]

1. e4 e5 2. Nf3 Nf6 3. Nxe5 Nxe4 4. Qe2 Qe7 5. Qxe4 d6 6. d4 dxe5 7. dxe5 Nc6 8. Bb5 Bd7 9. 0-0 0-0-0 10. Bxc6 Bxc6 11. Qf5+ Bd7 12. Qe4 g5 13. Qe3 Kb8 14. Qxg5 Qxg5 15. Bxg5 Re8 16. Nc3 Rg8 17. Bf4 Bc6 18. f3 Bc5+ 19. Kh1 Rg6 20. Rad1 Reg8 21. g3 Kc8 22. h4 h5 23. Kh2 Re6 24. Rd3 f6 25. exf6 Rxf6 26. Bg5 Rf7 27. Rfd1 b6 28. Rd8+ Rxd8 29. Rxd8+ Kb7 30. f4 Rd7 31. Rxd7 Bxd7 32. Kg2 0-1